Kadınların yasal hakları (Kayıt no. 5788)

MARC ayrıntıları
000 -BAŞLIK
Sabit Uzunlukta Kontrol Alanı 00936na a2200265 4500
001 - KONTROL NUMARASI
Denetim Alanı 15832
003 - KONTROL NUMARASI IDENTIFIER
Denetim Alanı MIRAKIL
005 - SON İŞLEM TARİHİ VE ZAMANI
Denetim Alanı 20181213155047.0
008 - SABİT-BOY VERİ ELEMANLARI - GENEL BİLGİLER
Sabit Uzunlukta Kontrol Alanı 161117b tu 000 0
035 ## - SİSTEM KONTROL NUMARASI
Sistem Kontrol Numarası 15832
040 ## - KATALOGLAMA KAYNAK
Orijinal Kataloglama Ajansı Milas
Kataloglama Dili tur
Metne Dönüştürmek Ajansı TR-AnCHP
082 ## - DEWEY ONLU SINIFLANDIRMA NUMARASI
Sınıflandırma Numarası 323.34
Ürün Numarası K22 [2011?]
090 ## - SINIFLAMA NUMARASI
Sınıflama Numarası 323.34 K22 [2011?]
245 ## - BAŞLIK TABLOSU
Başlık Kadınların yasal hakları
Başlığın Kalan "Şiddeti durdurmak için haklarımızı öğrenelim."
Sorumluluk Tablosu, Vb Yayına hazırlayanlar Şenal Sarıhan, Meral Özaygen
246 ## - UNVAN FORM VARYING
Başlık Doğru / Kısa Başlığı "Şiddeti durdurmak için haklarımızı öğrenelim."
246 ## - UNVAN FORM VARYING
Başlık Doğru / Kısa Başlığı Şiddeti durdurmak için haklarımızı öğrenelim
260 ## - YAYIN, DAĞITIM, VB
Yayın, Dağıtım, Vb Yeri Ankara
Yayıncı, Dağıtıcı, Vs Adı Cumhuriyet Kadınları Derneği
Yayın, Dağıtım, Vb Tarihi [2011?]
300 ## - FİZİKSEL TANIM
Kapsam 70 s.
Boyutlar 15 sm.
650 ## - KONU KATMA GİRİŞ - TOPİKAL DÖNEM
Topikal Süreli Veya Coğrafi Ad Giriş Elemanı Kadınlar
Genel Alt Bölümü Siyasal haklar
Coğrafi Alt Bölümü Türkiye
650 ## - KONU KATMA GİRİŞ - TOPİKAL DÖNEM
Topikal Süreli Veya Coğrafi Ad Giriş Elemanı Kadın hakları
Coğrafi Alt Bölümü Türkiye
650 ## - KONU KATMA GİRİŞ - TOPİKAL DÖNEM
Topikal Süreli Veya Coğrafi Ad Giriş Elemanı Kadınlar
Genel Alt Bölümü Hak ve özgürlükler
Coğrafi Alt Bölümü Türkiye
700 ## - KATMA GİRİŞ - KİŞİSEL İSİM
Kişisel Ad Sarıhan, Şenal
700 ## - KATMA GİRİŞ - KİŞİSEL İSİM
Kişisel Ad Özaygen, Meral
942 ## - EKLENDİ GİRİŞ ELEMANLARI (KOHA)
Sınıflandırma Veya Raf Düzeni Kaynak Dewey Decimal Classification
Koha Öğesi Türü Kitaplar
999 ## - SİSTEM KONTROL NUMARALARI (KOHA)
Koha Biblionumber 5788
Koha Biblioitemnumber 5788
Mevcut
Kalıcı Konum Mevcut Konum Edinme Tarihi Edinim Kaynak Toplam Check-Out'Lar Tam Çağrı Numarası Barkod Tarih Son Görülme İtibaren Geçerli Fiyatlar Koha Öğesi Türü Kopya Sayısı Toplam Yenileme Tarihi Geçen Teslim
CHP Kütüphanesi CHP Kütüphanesi 11/17/2016 Bağış   BROŞÜR 222 001138 11/17/2016 11/17/2016 Kitaplar      
CHP Kütüphanesi CHP Kütüphanesi 11/17/2016 Bağış   323.34 K22 [2011?] 001327 11/17/2016 11/17/2016 Kitaplar k.2    
CHP Kütüphanesi CHP Kütüphanesi 09/24/2016 Bağış 1 323.34 K22 [2011?] 004163 01/28/2021 09/24/2016 Kitaplar k.3 1 12/02/2020